000 00322nam a2200133Ia 4500
008 240624s9999 xx 000 0 und d
041 _aeng
082 _a332.4 SHA
100 _aSHAMAH SHANI
245 _aCURRENCY OPTIONS PRIMER
260 _c2004
_aEngland
_bJohn Wiley and
300 _ax,197p. ; 25cm.
365 _c
_b27
999 _c20691
_d20691